Skyrim Map Quiz - Statistics

General Stats
  • This quiz has been taken 47 times
  • The average score is 22 of 38
Answers on the Map
Answers color-coded by a green-red scale on the quiz's map according to % correct below.
 
Answer Stats
Answer % Correct
Whiterun
97%
Solitude
90%
Winterhold
90%
Winterhold
90%
Riften
87%
The Rift
87%
Falkreath
85%
Dawnstar
82%
Markarth
82%
Morthal
77%
The Reach
77%
Ivarstead
74%
Windhelm
74%
Helgen
69%
Riverwood
69%
Dragon Bridge
67%
Eastmarch
67%
Rorikstead
67%
The Pale
67%
Cyrodiil
64%
Hammerfell
59%
Morrowind
59%
Whiterun Hold
56%
Falkreath Hold
51%
Haafingar
51%
High Rock
51%
Hjaalmarch
51%
Shor's Stone
44%
Throat of the World
41%
Sea of Ghosts
36%
Karthwasten
33%
Jerall Mountains
15%
Lake Ilinalta
13%
Velothi Mountains
13%
Lake Honrich
10%
Mara's Eye Pond
10%
Druadach Mountains
0%
Lake Geir
0%
No matching quizzes found
Score Distribution
Percent of People with Each Score
Percentile by Number Answered
Your Score History
You have not taken this quiz